ბათუმის შოთა რუსთაველის სახელმწიფო უნივერსიტეტის ბიბლიოთეკა

ლოგოპედიური ალბომი : (ბიბ.ჩანაწერი № 58288)

000 -ლიდერი
ფიქსირებული სიგრძის საკონტროლო ველი 00875nam a22002057a 4500
003 - საკონტროლო ნომრის იდენტიფიკატორი
საკონტროლო ველი Ge_BSU
005 - ბოლო ოპერაციის თარიღი და დრო
საკონტროლო ველი 20211022125039.0
008 - ფიქსირებული სიგრძის მონაცემთა ელემენტები - ზოგადი ინფორმაცია
ფიქსირებული სიგრძის საკონტროლო ველი 211022s2020 ge ||||| |||| 00| 0 geo d
020 ## - წიგნის საერთაშორისო სტანდარტული ნომერი
International Standard Book Number 9789941828034
041 ## - ენის კოდი
Language code of text/sound track or separate title geo
080 ## - უნივერსალური ათობითი კლასიფიკაციის ინდექსი
Universal Decimal Classification number 376.36 გ-12
100 ## - მთავარი ჩანაწერი - პიროვნების სახელი
Personal name გაბაშვილი, ნინო
9 (RLIN) 12721
245 ## - ცნობა სათაურის შესახებ
Title ლოგოპედიური ალბომი :
Remainder of title ასო-ბგერა "ს" სტუმრად ბავშვებთან /
Statement of responsibility, etc ნინო გაბაშვილი; რედ. თამარ ხუციშვილი.
264 ## - წარმოების, გამოცემის, დისტრიბუციის და სხვა ცნობები
გამოცემის, წარმოების, დისტრიბუციის... ადგილი თბილისი :
გამოცემის, წარმოების, დისტრიბუციის... სახელწოდება "აწმყო",
გამოცემის, წარმოების, დისტრიბუციის... თარიღი 2020.
300 ## - ფიზიკური აღწერა
Extent 50 გვ.
Other physical details ილ.
Dimensions 29 სმ.
653 ## - INDEX TERM--UNCONTROLLED
Uncontrolled term ლოგოპედია
653 ## - INDEX TERM--UNCONTROLLED
Uncontrolled term ალბომი
700 ## - ADDED ENTRY--PERSONAL NAME
Personal name ხუციშვილი, თამარ
Relator term რედაქტორი
9 (RLIN) 12724
942 ## - ADDED ENTRY ELEMENTS (KOHA)
Source of classification or shelving scheme
Koha item type წიგნი
ეგზემპლარები
ჩამოწერის სტატუსი დაკარგული ეგზემპლარის სტატუსი კლასიფიკაციის წყარო ან თაროზე გაწყობის სქემა დაზიანების სტატუსი არ გაიცემა მუდმივი მდებარეობა (დაცვის ადგილი) ამჟამინდელი ადგილსამყოფელი თაროზე განთავსების ადგილი შეძენის თარიღი ღირებულება, შესყიდვის ნორმალური ფასი სრული შენახვის შიფრი შტრიხკოდი ბოლო ოპერაციის თარიღი ეგზემპლარის მიმდევრობითი ნომერი (კეტერი?) ფასის ძალაში შესვლის თარიღი ეგზემპლარის სახეობა საჯარო შენიშვნა
          ბათუმის შოთა რუსთაველის სახელმწიფო უნივერსიტეტის მთავარი ბიბლიოთეკა ბათუმის შოთა რუსთაველის სახელმწიფო უნივერსიტეტის მთავარი ბიბლიოთეკა წიგნსაცავი 2021-10-22 5.00 376.36 გ-12 29267 2021-10-22 29267 2021-10-22 წიგნი 5 ლ.